[Event "Reykjavik Congress"]
[Site "Reykjavik"]
[Date "2020.01.26"]
[Round "7"]
[White "Bjarnason, Olafur"]
[Black "Gardarsson, Halldor"]
[Result "1/2-1/2"]
[WhiteElo "1815"]
[BlackElo "1804"]
[PlyCount "154"]
[EventDate "2020.01.05"]
[EventType "swiss"]
[EventRounds "9"]
[EventCountry "ISL"]
[SourceTitle "CBM 194 Extra"]
[Source "ChessBase"]
[SourceDate "2020.03.31"]
[SourceVersion "1"]
[SourceVersionDate "2020.03.31"]
[SourceQuality "1"]

1. c4 c5 2. Nc3 Nc6 3. g3 e6 4. Bg2 Nf6 5. e4 Nd4 6. Nge2 e5 7. 0-0 Be7 8. d3 d6 9. a3 Qb6 10. Nxd4 cxd4 11. Na2 a5 12. b4 axb4 13. axb4 Bd7 14. Bb2 0-0 15. Qd2 Qc7 16. b5 Ra4 17. Nb4 Rfa8 18. Na6 R4xa6 19. bxa6 bxa6 20. Rfb1 Bc6 21. Ba3 Nd7 22. Ra2 a5 23. Rab2 h6 24. Bf1 Bg5 25. f4 exf4 26. gxf4 Bf6 27. Qf2 Re8 28. Re2 Nc5 29. Bxc5 dxc5 30. e5 Be7 31. Bg2 Bf8 32. Bxc6 Qxc6 33. Qg2 Qa6 34. f5 Qc8 35. Rf1 Qb8 36. Qd5 Rd8 37. Qe4 Re8 38. f6 g6 39. Rfe1 Kh7 40. Qd5 Re6 41. Qd7 Kg8 42. Qd5 Qe8 43. Qb7 a4 44. Qb5 Qa8 45. Re4 a3 46. Ra1 Qa7 47. Qb3 Qc7 48. Qxa3 Rxe5 49. Rf1 Rg5+ 50. Kh1 Rh5 51. Qa2 Qc6 52. Qg2 Bd6 53. h4 g5 54. Qf3 Qxe4 55. Qxe4 Rxh4+ 56. Qxh4 gxh4 57. Kg2 Kh7 58. Kf3 h3 59. Ke4 h2 60. Kd5 Bf8 61. Rh1 Kg6 62. Ke5 h5 63. Rxh2 Bh6 64. Rg2+ Bg5 65. Kd5 Kxf6 66. Kxc5 Be3 67. Kd6 h4 68. Kd7 Kf5 69. c5 h3 70. Re2 Bf4 71. c6 h2 72. Re1 Kg4 73. c7 Bxc7 74. Kxc7 f5 75. Kd6 f4 76. Ke5 Kg3 77. Kxd4 Kg2 1/2-1/2

[Event "Reykjavik Congress"]
[Site "Reykjavik"]
[Date "2020.01.08"]
[Round "2"]
[White "Bjarnason, Olafur"]
[Black "Haraldsson, Haraldur"]
[Result "1-0"]
[WhiteElo "1815"]
[BlackElo "1962"]
[PlyCount "61"]
[EventDate "2020.01.05"]
[EventType "swiss"]
[EventRounds "9"]
[EventCountry "ISL"]
[SourceTitle "CBM 194 Extra"]
[Source "ChessBase"]
[SourceDate "2020.03.31"]
[SourceVersion "1"]
[SourceVersionDate "2020.03.31"]
[SourceQuality "1"]

1. d4 Nf6 2. c4 e6 3. Nc3 d5 4. Nf3 c6 5. e3 a6 6. a4 Bb4 7. Bd2 0-0 8. Na2 Bxd2+ 9. Nxd2 e5 10. dxe5 Ng4 11. Nf3 Qe7 12. cxd5 Nxe5 13. dxc6 Nbxc6 14. Nxe5 Nxe5 15. Be2 Rd8 16. Qc1 Bf5 17. 0-0 Rac8 18. Nc3 Rd6 19. Rd1 Rh6 20. Rd4 Qc7 21. f4 Nc6 22. Rd1 Qe7 23. g3 Nb4 24. Qd2 Re8 25. Bf3 Nc2 26. Nd5 Qc5 27. Rac1 Kf8 28. Kh1 Rd6 29. g4 Rxe3 30. gxf5 Rxf3 31. Rxc2 1-0

[Event "ISL-chT1 1819"]
[Site "Reykjavik"]
[Date "2018.11.11"]
[Round "5.2"]
[White "Bjornsson, Tomas"]
[Black "Bjarnason, Olafur"]
[Result "1-0"]
[WhiteElo "2142"]
[BlackElo "1847"]
[PlyCount "59"]
[EventDate "2018.11.08"]
[EventType "team-tourn"]
[EventRounds "9"]
[EventCountry "ISL"]
[SourceTitle "CBM 187 Extra"]
[Source "ChessBase"]
[SourceDate "2018.11.04"]
[SourceVersion "1"]
[SourceVersionDate "2018.11.04"]
[SourceQuality "1"]
[WhiteTeam "Skakdeild Fjolnis"]
[BlackTeam "Skakdeild KR"]
[WhiteTeamCountry "ISL"]
[BlackTeamCountry "ISL"]

1. e4 c6 2. d4 d5 3. Nc3 dxe4 4. Nxe4 Bf5 5. Ng3 Bg6 6. Bc4 e6 7. N1e2 Nf6 8. 0-0 Nbd7 9. f4 Nb6 10. Bb3 Qd7 11. c3 h5 12. f5 Bxf5 13. Nxf5 exf5 14. Ng3 g6 15. Bg5 Bg7 16. Bc2 h4 17. Bxf5 gxf5 18. Nxf5 Nh5 19. Qg4 Kf8 20. Qxh4 Nd5 21. Qf2 f6 22. Bd2 Rg8 23. c4 Nb6 24. Bb4+ Kf7 25. Nd6+ Kg6 26. Qc2+ f5 27. Nxf5 Kh7 28. Ne7+ Kh8 29. Ng6+ Kh7 30. Nf8+ 1-0

[Event "ISL-chT1 1819"]
[Site "Reykjavik"]
[Date "2018.11.10"]
[Round "3.3"]
[White "Bjarnason, Olafur"]
[Black "Vigfusson, Vigfus Odon"]
[Result "0-1"]
[WhiteElo "1847"]
[BlackElo "1980"]
[PlyCount "96"]
[EventDate "2018.11.08"]
[EventType "team-tourn"]
[EventRounds "9"]
[EventCountry "ISL"]
[SourceTitle "CBM 187 Extra"]
[Source "ChessBase"]
[SourceDate "2018.11.04"]
[SourceVersion "1"]
[SourceVersionDate "2018.11.04"]
[SourceQuality "1"]
[WhiteTeam "Skakdeild KR"]
[BlackTeam "Skakfelagidj Huginn II"]
[WhiteTeamCountry "ISL"]
[BlackTeamCountry "ISL"]

1. Nf3 d5 2. c4 dxc4 3. e3 Nf6 4. Bxc4 c5 5. d4 e6 6. 0-0 Nc6 7. a3 cxd4 8. Nxd4 Nxd4 9. exd4 Bd6 10. f4 0-0 11. Nc3 a6 12. Qf3 Rb8 13. Ne4 Bc7 14. Nxf6+ Qxf6 15. Be3 b5 16. Ba2 Bb7 17. Qf2 Bb6 18. Rad1 Rfd8 19. f5 Bd5 20. Bxd5 Rxd5 21. fxe6 Qxe6 22. Rd3 Rbd8 23. Rc1 f6 24. g3 Qe4 25. Rcd1 f5 26. Qd2 h6 27. h4 R8d7 28. Qf2 g5 29. hxg5 hxg5 30. Qg2 Qg4 31. Rf1 Kg7 32. Qf3 Qxf3 33. Rxf3 Kg6 34. Kf2 g4 35. Rf4 Bc7 36. Ke2 Bxf4 37. gxf4 Rc7 38. Kd2 Rd6 39. Rc3 Rxc3 40. Kxc3 Kf7 41. Kb4 Rc6 42. d5 Rc4+ 43. Ka5 Re4 44. Bc5 Rxf4 45. Kxa6 Rc4 46. Kxb5 Rxc5+ 47. Kxc5 g3 48. b4 g2 0-1

[Event "Reykjavik op"]
[Site "Reykjavik"]
[Date "2018.03.12"]
[Round "7"]
[White "Bjarnason, Olafur"]
[Black "Kreken, Eivind Grunt"]
[Result "1/2-1/2"]
[WhiteElo "1826"]
[BlackElo "1612"]
[PlyCount "96"]
[EventDate "2018.03.06"]
[EventType "swiss"]
[EventRounds "9"]
[EventCountry "ISL"]
[SourceTitle "CBM 183 Extra"]
[Source "ChessBase"]
[SourceDate "2018.04.19"]
[SourceVersion "1"]
[SourceVersionDate "2018.04.19"]
[SourceQuality "1"]

1. Nf3 e6 2. c4 f5 3. d4 Nf6 4. Nc3 d5 5. Bf4 c6 6. e3 Bd6 7. Ne5 0-0 8. c5 Be7 9. Be2 b6 10. b4 Bb7 11. 0-0 Ne4 12. Nxe4 fxe4 13. Bg4 Bc8 14. Qb3 Bg5 15. Bg3 Bh4 16. Rac1 Bxg3 17. hxg3 Qe8 18. cxb6 axb6 19. a4 Bd7 20. Rc2 c5 21. b5 c4 22. Qb4 h5 23. Bd1 Rf6 24. Rc3 Qf8 25. Qxf8+ Rxf8 26. g4 hxg4 27. Bxg4 Rf6 28. Nxd7 Nxd7 29. Ra1 Ra5 30. f3 Rg6 31. Kf2 Kf8 32. Bh3 Ke7 33. Rca3 Nf6 34. f4 Ng4+ 35. Bxg4 Rxg4 36. Rh1 Kd7 37. Rh8 Rg6 38. Rh4 c3 39. Rh1 Rf6 40. Rc1 g5 41. g3 gxf4 42. gxf4 Rf8 43. Rcxc3 Rfa8 44. Rc6 Rxb5 45. axb5 Rxa3 46. Rxb6 Ra2+ 47. Ke1 Ra3 48. Kd2 Ra2+ 1/2-1/2

[Event "Reykjavik Congress"]
[Site "Reykjavik"]
[Date "2018.01.28"]
[Round "6"]
[White "Bjarnason, Olafur"]
[Black "Mai, Alexander Oliver"]
[Result "1/2-1/2"]
[WhiteElo "1818"]
[BlackElo "1970"]
[PlyCount "112"]
[EventDate "2018.01.10"]
[EventType "swiss"]
[EventRounds "9"]
[EventCountry "ISL"]
[SourceTitle "CBM 182 Extra"]
[Source "ChessBase"]
[SourceDate "2018.02.23"]
[SourceVersion "1"]
[SourceVersionDate "2018.02.23"]
[SourceQuality "1"]

1. Nf3 Nf6 2. c4 e6 3. d4 d5 4. Nc3 Be7 5. h3 0-0 6. Bf4 a6 7. a4 dxc4 8. e3 c5 9. Bxc4 Nbd7 10. 0-0 cxd4 11. Qxd4 Bc5 12. Qd2 b6 13. Rfd1 Qe7 14. Bd6 Bxd6 15. Qxd6 Qxd6 16. Rxd6 Bb7 17. Rad1 Rfc8 18. Be2 Bc6 19. Nd4 Bb7 20. Bf3 Rab8 21. Bxb7 Rxb7 22. Nc6 Kf8 23. Nb4 a5 24. Nc2 Ke7 25. Na3 Ne5 26. Kf1 Ne8 27. R6d4 Nc6 28. Rh4 h6 29. Nab5 Rd7 30. Rxd7+ Kxd7 31. Ke2 Nf6 32. Rc4 Ke7 33. Nd4 Nxd4+ 34. Rxd4 Nd7 35. f4 f6 36. e4 g6 37. Ke3 Rc5 38. g4 Nb8 39. Rd2 Nc6 40. Rd1 Nb4 41. Rd2 Rc4 42. Kf3 Nc6 43. Ke3 Nd8 44. Rd4 Rc6 45. Rd2 Nb7 46. Rd4 Nd6 47. Kd3 Rc5 48. b3 Rc6 49. Kd2 Nb7 50. b4 axb4 51. Rxb4 Na5 52. Kd3 Nb7 53. Ne2 Nc5+ 54. Ke3 Na6 55. Rb5 Nc5 56. a5 bxa5 1/2-1/2

[Event "Reykjavik Congress"]
[Site "Reykjavik"]
[Date "2018.01.17"]
[Round "3"]
[White "Gudmundsson, Thordur"]
[Black "Bjarnason, Olafur"]
[Result "0-1"]
[WhiteElo "1565"]
[BlackElo "1818"]
[PlyCount "68"]
[EventDate "2018.01.10"]
[EventType "swiss"]
[EventRounds "9"]
[EventCountry "ISL"]
[SourceTitle "CBM 182 Extra"]
[Source "ChessBase"]
[SourceDate "2018.02.23"]
[SourceVersion "1"]
[SourceVersionDate "2018.02.23"]
[SourceQuality "1"]

1. e4 c5 2. Nc3 e6 3. Nf3 Nc6 4. d4 cxd4 5. Nxd4 Bc5 6. Nxc6 bxc6 7. Bd3 Ne7 8. 0-0 Ng6 9. Kh1 e5 10. Qe2 Rb8 11. Rb1 0-0 12. Bc4 Bd4 13. Bb3 Kh8 14. Nd1 d6 15. c3 Bb6 16. f4 exf4 17. Bxf4 f5 18. Bg3 Qe7 19. Qd3 f4 20. Bf2 Ne5 21. Qd2 f3 22. Bxb6 axb6 23. Ne3 fxg2+ 24. Qxg2 Ba6 25. Rxf8+ Rxf8 26. Nf5 Qf6 27. Rg1 g6 28. h4 d5 29. Qf2 gxf5 30. exd5 Bd3 31. dxc6 Be4+ 32. Kh2 Bxc6 33. Kh3 Bd7 34. Qg3 f4+ 0-1

[Event "Reykjavik Congress"]
[Site "Reykjavik"]
[Date "2018.01.10"]
[Round "1"]
[White "Ragnarsson, Rikhard Skorri"]
[Black "Bjarnason, Olafur"]
[Result "0-1"]
[WhiteElo "1014"]
[BlackElo "1818"]
[PlyCount "72"]
[EventDate "2018.01.10"]
[EventType "swiss"]
[EventRounds "9"]
[EventCountry "ISL"]
[SourceTitle "CBM 182 Extra"]
[Source "ChessBase"]
[SourceDate "2018.02.23"]
[SourceVersion "1"]
[SourceVersionDate "2018.02.23"]
[SourceQuality "1"]

1. e4 d5 2. exd5 Qxd5 3. Nc3 Qd8 4. Nf3 Nf6 5. d3 h6 6. Bf4 c6 7. Qd2 Bg4 8. Be2 e6 9. h3 Bf5 10. a3 Nbd7 11. Ne5 Nb6 12. Nf3 Nbd5 13. Nxd5 Nxd5 14. Bg3 Qb6 15. Rb1 Bxa3 16. Qc1 Nc3 17. bxa3 Qxb1 18. Qxb1 Nxb1 19. Be5 Nxa3 20. Bxg7 Rg8 21. Bxh6 Nxc2+ 22. Kf1 a5 23. g3 a4 24. Kg2 a3 25. Bf4 f6 26. Bd2 a2 27. Bc3 a1Q 28. Bxa1 Rxa1 29. Rh2 Ne1+ 30. Kg1 Nxf3+ 31. Kg2 Nd4 32. Bh5+ Ke7 33. g4 Bxd3 34. h4 Be4+ 35. Kg3 Ne2+ 36. Kh3 Ra3+ 0-1